Statistics for Countries that borders with the Atlantic Ocean

Click here to take the quiz!

General Stats

  • This quiz has been taken 242 times
    (159 since last reset)
  • The average score is 79 of 93

Answer Stats

Answer% Correct
Canada
98%
United States
98%
Ireland
96%
United Kingdom
96%
Brazil
95%
France
95%
Spain
95%
Cuba
94%
Morocco
94%
Portugal
94%
Dominican Republic
93%
Dominica
92%
Haiti
92%
Honduras
92%
Iceland
92%
Italy
92%
Norway
92%
Belize
91%
South Africa
91%
Argentina
90%
Barbados
90%
Mexico
90%
Panama
90%
Sweden
90%
Venezuela
90%
Algeria
89%
Angola
89%
Greece
89%
Guyana
89%
Russia
89%
Egypt
88%
Ghana
88%
Guinea
88%
Senegal
88%
Bahamas
87%
Denmark
87%
Finland
87%
Germany
87%
Jamaica
87%
Suriname
87%
Togo
87%
Tunisia
87%
Turkey
87%
Guatemala
86%
Netherlands
86%
Nicaragua
86%
Albania
85%
Benin
85%
Colombia
85%
Costa Rica
85%
Cote d'Ivoire
85%
Croatia
85%
Equatorial Guinea
85%
Estonia
85%
Gabon
85%
Liberia
85%
Libya
85%
Namibia
85%
Saint Kitts and Nevis
85%
Saint Vincent and Grenadines
85%
Antigua and Barbuda
84%
Belgium
84%
Saint Lucia
84%
Trinidad and Tobago
84%
Gambia
83%
Lithuania
83%
Mauritania
83%
Sierra Leone
83%
Cameroon
82%
Latvia
82%
Guinea-bissau
81%
Monaco
81%
Republic of Congo
81%
Cyprus
80%
Grenada
80%
Montenegro
80%
Nigeria
80%
Bosnia and Herzegovina
79%
Democratic Republic of Congo
79%
Malta
79%
Slovenia
79%
Uruguay
79%
Israel
78%
Lebanon
76%
Bulgaria
75%
Cape Verde
75%
Poland
75%
Chile
71%
Syria
71%
Ukraine
71%
Romania
70%
São Tomé and Príncipe
69%
Georgia
57%

Score Distribution

Percentile by Number Answered

Percent of People with Each Score

Your Score History

You have not taken this quiz since the last reset